Chairmen of the Joint Chiefs of Staff Quiz Stats

 Plays Quiz not verified by Sporcle

Challenge
Share
Tweet
Embed
Score 0/18 Timer 06:00
0 Plays Today
President Chairman % Correct
Bush/ClintonColin Powell
88.4%
Truman/EisenhowerOmar Bradley
47.7%
Bush/ObamaMichael Mullen
47.7%
BushPeter Pace
36%
ObamaMartin E. Dempsey
32.3%
Kennedy/JohnsonMaxwell D. Taylor
31.1%
BushRichard B. Myers
31.1%
ClintonJohn Shalikashvili
29.7%
Carter/ReaganDavid C. Jones
27.6%
President Chairman % Correct
Clinton/BushHugh Shelton
26.7%
Reagan/BushWilliam J. Crowe, Jr.
25%
Eisenhower/KennedyLyman Lemnitzer
20.9%
ReaganJohn W. Vessey Jr.
20.9%
Johnson/NixonEarle Wheeler
19.2%
Nixon/CarterGeorge S. Brown
17.4%
NixonThomas H. Moorer
16.3%
EisenhowerNathan F. Twining
12.5%
EisenhowerArthur W. Radford
12.2%

You're not logged in!

Compare scores with friends on all Sporcle quizzes.
OR
Log In

You Might Also Like...

Show Comments

Extras

Top Quizzes Today


Score Distribution

Your Account Isn't Verified!

In order to create a playlist on Sporcle, you need to verify the email address you used during registration. Go to your Sporcle Settings to finish the process.

Report this User

Report this user for behavior that violates our Community Guidelines.

Details: